Maravillas y misterios del mundo animal / (Registro nro. 27277)
[ vista simple ]
| 000 -LEADER | |
|---|---|
| fixed length control field | 01080cam a2200301 i 4500 |
| 001 - CONTROL NUMBER | |
| control field | 27277 |
| 003 - CONTROL NUMBER IDENTIFIER | |
| control field | Mx-PuUPA |
| 005 - DATE AND TIME OF LATEST TRANSACTION | |
| control field | 20240429133956.0 |
| 008 - FIXED-LENGTH DATA ELEMENTS--GENERAL INFORMATION | |
| fixed length control field | 140415s1965 mx a gr 000 0 spa d |
| 040 ## - CATALOGING SOURCE | |
| Transcribing agency | Mx-PuUPA |
| Original cataloging agency | Mx-PuUPA |
| Language of cataloging | spa |
| Modifying agency | Mx-PuUPA |
| Description conventions | rda |
| 041 0# - LANGUAGE CODE | |
| Language code of text/sound track or separate title | spa |
| 110 2# - MAIN ENTRY--CORPORATE NAME | |
| Corporate name or jurisdiction name as entry element | Reader's Digest México, |
| 9 (RLIN) | 6672 |
| 240 10 - UNIFORM TITLE | |
| Uniform title | Obras |
| Name of part/section of a work | Reader's |
| Form subheading | Selecciones |
| Language of a work | Español |
| 245 10 - TITLE STATEMENT | |
| Title | Maravillas y misterios del mundo animal / |
| Statement of responsibility, etc. | Reader's Digest ; con introducción de Jean George |
| 246 14 - VARYING FORM OF TITLE | |
| Title proper/short title | Maravillas y misterios del reino animal. |
| 264 #1 - PRODUCTION, PUBLICATION, DISTRIBUTION, MANUFACTURE, AND COPYRIGHT NOTICE | |
| Place of production, publication, distribution, manufacture | México, D. F. : |
| Name of producer, publisher, distributor, manufacturer | Reader's Digest México ; |
| Date of production, publication, distribution, manufacture, or copyright notice | 1965 |
| 300 ## - PHYSICAL DESCRIPTION | |
| Extent | 365 páginas : |
| Other physical details | ilustraciones (en color) ; |
| Dimensions | 32 cm |
| 336 ## - CONTENT TYPE | |
| Fuente | rdacontent |
| Content type term | texto |
| Content type code | txt |
| 336 ## - CONTENT TYPE | |
| Fuente | armarc |
| Content type term | imagen fija |
| Content type code | sti |
| 337 ## - MEDIA TYPE | |
| Source | rdamedia |
| Media type term | sin medio |
| Media type code | n |
| 338 ## - CARRIER TYPE | |
| Source | rdacarrier |
| Carrier type term | volumen |
| Carrier type code | nc |
| 650 #7 - SUBJECT ADDED ENTRY--TOPICAL TERM | |
| Source of heading or term | armarc |
| Topical term or geographic name entry element | Zoología |
| 700 1# - ADDED ENTRY--PERSONAL NAME | |
| Personal name | George, Jean, |
| Relator term | autor introductorio |
| 942 ## - ADDED ENTRY ELEMENTS (KOHA) | |
| Source of classification or shelving scheme | Dewey Decimal Classification |
| Koha item type | Libro |
| Classification part | 590 |
| Item part | M298 |
| Withdrawn status | Lost status | Source of classification or shelving scheme | Damaged status | Not for loan | Collection code | Home library | Current library | Shelving location | Date acquired | Source of acquisition | Total Checkouts | Full call number | Barcode | Date last seen | Price effective from | Koha item type |
|---|---|---|---|---|---|---|---|---|---|---|---|---|---|---|---|---|
| Dewey Decimal Classification | Referencia | Biblioteca Karol Wojtyla | Biblioteca Karol Wojtyla | Área de silencio | 03/12/2013 | Donación | 590 M298 1965 | 49249 | 05/01/2026 | 03/12/2013 | Libro R |